000 00434nam a2200157Ia 4500
008 210716s2013 xx 000 0 und d
020 _a9788131516799
041 _aeng
082 _a658.312404 MASL
100 _aMasters, L Ann;Wallace, Harold R.
245 _aPersonal development for life and work.
250 _a10
260 _aNew Delhi
_bCengage Learning
_c2013
300 _axiv,462
650 _aHuman Resource Development
999 _c208422
_d208422